00632nam a22001937a 45000010005000000030009000050050017000140080041000310200015000720200015000870400039001020820019001412450116001602600033002763000042003096500030003516500037003817000020004182866BD-DhUAP20210109151955.0210109s1997 nyua|||| |||| 00| 0 eng d a3791311360 a3791311166 aBD-DhUAP bEngcBD-DhUAPdBD-DhUAP 223a724.6 ARC  aArchitecture in transition : bbetween deconstruction and new modernism /cedited by Peter Noever ... [et al.]. aMunich : bPrestel, cc1991. a157 pages :billustrations ;c25 cm.  aArchitecture, Postmodern. aDeconstructivism (Architecture). aNoever, Peter.